Quizzes
Events
Quiz Creation
Community
Videos
Private Events
Remove Ads
Sign In
Join for FREE
Feedback
Dark Mode
Quiz Categories
Sports
Geography
Music
Movies
Television
Just For Fun
Miscellaneous
History
Literature
Language
Science
Gaming
Entertainment
Religion
Holiday
For Kids
Quiz Lab
Recent
Popular Today
Quiz Kudos Today
Editor Picks
Curator Picks
Quizzes by...
Day
Popularity
Type
Ratings
Length
Year
Community
Subscriptions
Recent Discussions
Orange Saloon
Badges
Playlists
Quests
Create
Leaderboards
Showdown
Live 5
Trivia Bingo
Activity
Puzzle Library
Sporcle Events
Private Events
Virtual Trivia
Globe League
Become a Host
Pub Owners
SporcleCon
Opinionation
Our Games
Videos
Blog
Mobile Apps
Partnerships
Remove Ads and Go Orange
Feedback
Music
Pop Music
The Beatles
Song
Album
Lyrics
Bands
Singers
Artist
Clip
Rock
Rap
Classical
Billboard
Country Music
Kpop
Taylor Swift
Music
Pop Music
The Beatles
Song
Album
Lyrics
Bands
Singers
Artist
Clip
Rock
Rap
Classical
Billboard
Country Music
Kpop
Taylor Swift
Random Quiz
Search Sporcle
×
Quiz Lab
Quiz Lab
Music
Country
Type in answers that appear in a list
Type in answers that appear in a list
Classic
Best Score? Go Orange.
Eurovision's Most Successful Countries Stats
Can you name the Eurovision's Most Successful Countries?
By
broomhelga
5m
25 Questions
3,578 Plays
3,578 Plays
3,578 Plays
Comments
Comments
Give Quiz Kudos
Give Quiz Kudos
-
- Ratings
hide this ad
Forced Order
Answers have to be entered in order
Answers have to be entered in order
Replay
Link that replays current quiz
Next Quiz
Link to next quiz in quiz playlist
You Got
0%
They Got
Avg Score
70%
Avg Friend Score
Upgrade to see
Score Distribution
Jump to the score distribution portion of the page
Score
0/25
Timer
05:00
1
Play Today
Years Won
% Correct
1970, 1980, 1987, 1992, 1993, 1994, 1996
Ireland
98%
1958, 1960, 1962, 1969, 1977
France
86.5%
1985, 1995, 2009
Norway
79.5%
1974, 1984, 1991, 1999
Sweden
79.4%
1967, 1969, 1976, 1981, 1997
United Kingdom
77.4%
1961, 1965, 1972, 1973, 1983
Luxembourg
75.6%
2006
Finland
74.9%
2008
Russia
74.6%
1978, 1979, 1998
Israel
74.4%
2007
Serbia
73%
1963, 2000
Denmark
73%
2005
Greece
72.8%
2004
Ukraine
71.1%
Years Won
% Correct
2001
Estonia
71%
2003
Turkey
70.7%
2002
Latvia
70.2%
1957, 1959, 1969, 1975
Netherlands
69.4%
1968, 1969
Spain
69.1%
1956, 1988
Switzerland
67.8%
1964, 1990
Italy
64.8%
1989
Yugoslavia
56.9%
1982
Germany
56%
1966
Austria
55.6%
1986
Belgium
55.5%
1971
Monaco
55%
Quiz Playlist
Details
Report
Send in Message
Add To Playlist
Classic:
Type in answers that appear in a list
Forced Order:
Answers have to be entered in order
Last Updated: Apr 4, 2017
Quiz Scoreboard
CHALLENGE
Sign Up to Join the Scoreboard
Show All
Scores
Hide
Comments
May contain spoilers
Recently Published
TV Characters by Other Roles V
by ghcgh
Television
5m
Decade Duel: World Leaders
by jenniferyan
History
4m
Alphabetical 'K' Countries by Flag Minefield
by ylime102
Geography
3m
More to Explore
Quiz From the Vault
Featured Blog Post
15 Basketball Trivia Facts You Can Be March Mad About
hide this ad
You Might Also Like...
Tags
Country Quiz
Eurovision
successful
Won
Today's Top Quizzes in Music
Browse Music
hide this ad
Today's Top Quizzes in Country
Browse Country
Top Contributed Quizzes in Music
1
Taylor Swift All Songs (2024)
2
Decade Duel: Singer
3
Taylor Swift Logic Puzzle
4
KPOP LOGIC QUIZ
5
Guess The Taylor Swift Lyrics Song #1
6
Guess the Taylor Swift song (Mystery Song)
7
A Taylor Swift Logic Puzzle
8
2 word kpop group match
9
Madness Songs By Image
10
kpop group name match up
Explore More
Trending Topics
Anime
Crossword
NBA
Harry Potter
Disney
Marvel
Kpop
The Office
WWE
Soccer
Country
Puzzle
Song
Pokémon
NFL
hide this ad
More By:
broomhelga
Quiz
Plays
Rating
Category
Featured
Created
Eurovision's Most Successful Countries
3,577
2.09
Music
Oct 30, 2009
UK Reality TV Winners
244
2.00
Music
Oct 30, 2009
Go to Creator's Profile
Score Distribution
Quiz Creator Spotlight
broomhelga
Follow
Send a Message
Quizzes Created
-
Created Quiz Play Count
-
More By This Creator
Popular Quizzes Today
1
Countries of Asia Without Outlines Minefield
2
Find the US States - No Outlines Minefield
3
Pick 6: Fruits
4
The Countries of the World
5
Find the Countries of Europe - No Outlines Minefield
6
Alphabetical 'K' Countries by Flag Minefield
7
Find the US States
8
US States
More Music Quizzes
Taylor Swift 'Anti-Hero' Lyrics
Quiz Lab
Trending Quizzes
Pick 6: Mountains
Pick 6: Harry Potter
Pick 6: NFL Teams
Pick 6: Flags
C Names for Actors
Recently Updated
Adaptations: Name the Title
pecheneg
NWSL Teams
pecheneg
Women's Final Four Teams by Year
bhenderson79
Presidents Quartet II
eogle
Anything But Clue(do)
eogle
Anything But Oceanian Capitals
eogle
Anything But 7
eogle
Anything But Thing
eogle
Word Ladder: February 29
pecheneg
Song Title Questions
pecheneg
Trending Topics
Anime
Disney
Marvel
NBA
Harry Potter
Kpop
Crossword
Soccer
Puzzle
Pokémon
WWE
Song
NFL
The Office
Country
Your Account Isn't Verified!
In order to create a playlist on Sporcle, you need to verify the email address you used during registration. Go to your
Sporcle Settings
to finish the process.
Report this User
Report this user for behavior that violates our
Community Guidelines
.
Details:
Send Report
Go to the Sporcle.com Mobile Site →
Comments